Environmentálne aspekty ochrany životného prostredia v daňových sústavách vybraných krajín bakalárska práca

Enregistré dans:
Détails bibliographiques
Auteur principal: Habarová, Kristína
Collectivité auteur: Národohospodárska fakulta EU. Katedra financií
Autres auteurs: Válek, Juraj, 1981-
Format: Livre
Langue:slovaque
Publié: Bratislava 2019
Tags: Ajouter un tag
Pas de tags, Soyez le premier à ajouter un tag!

MARC

LEADER 00000nbm a2200000 4500
001 0256444
005 20191030124823.2
041 0 |a slo 
044 |a SK 
245 1 0 |a Environmentálne aspekty ochrany životného prostredia v daňových sústavách vybraných krajín  |b bakalárska práca  |c Kristína Habarová ; školiteľ: Juraj Válek 
264 1 |a Bratislava  |c 2019 
300 |a 55 s. 
100 1 |a Habarová, Kristína 
700 1 |a Válek, Juraj, 1981- 
710 2 |a Národohospodárska fakulta EU. Katedra financií